Cartagena colonial / (Registro nro. 3426)
[ vista simple ]
| 000 -LEADER | |
|---|---|
| fixed length control field | 01130nam a2200241Ia 4500 |
| 003 - CONTROL NUMBER IDENTIFIER | |
| control field | OSt |
| 005 - DATE AND TIME OF LATEST TRANSACTION | |
| control field | 20201014100316.0 |
| 008 - FIXED-LENGTH DATA ELEMENTS--GENERAL INFORMATION | |
| fixed length control field | 191128s1973 ck a gr 000 0 spa d |
| 040 ## - CATALOGING SOURCE | |
| Original cataloging agency | CO-JMCR |
| Transcribing agency | CO-JMCR |
| 041 0# - LANGUAGE CODE | |
| Language code of text/sound track or separate title | spa |
| 082 04 - DEWEY DECIMAL CLASSIFICATION NUMBER | |
| Classification number | 986.102 / |
| Item number | L547c |
| Edition number | 23 |
| 100 1# - MAIN ENTRY--PERSONAL NAME | |
| Personal name | Lemaitre Román, Eduardo, |
| Relator term | autor |
| 9 (RLIN) | 11490 |
| 245 10 - TITLE STATEMENT | |
| Title | Cartagena colonial / |
| Statement of responsibility, etc. | Eduardo Lemaitre |
| 260 ## - PUBLICATION, DISTRIBUTION, ETC. | |
| Place of publication, distribution, etc. | Bogotá : |
| Name of publisher, distributor, etc. | Instituto Colombiano de Cultura, |
| Date of publication, distribution, etc. | 1973 impresión |
| 300 ## - PHYSICAL DESCRIPTION | |
| Extent | 176 páginas : |
| Other physical details | ilustraciones a blanco y negro ; |
| Dimensions | 17 cm. |
| 490 0# - SERIES STATEMENT | |
| Series statement | Biblioteca Colombiana de Cultura. Popular ; |
| Volume/sequential designation | 108 |
| 504 ## - BIBLIOGRAPHY, ETC. NOTE | |
| Bibliography, etc. note | Bibliografía: página 176 |
| 505 0# - FORMATTED CONTENTS NOTE | |
| Formatted contents note | Cartagena colonial -- Historia intima del 11 de noviembre -- Documentos relacionados con la independencia de Cartagena |
| 520 3# - SUMMARY, ETC. | |
| Summary, etc. | Nadie más indicado que un historiador cartagenero para relatar con abundancia de documentos y testimonios lo que fue la vida de la Ciudad Heroica en tiempos de la Colonia, su situación de preeminencia en el Nuevo Reino. |
| 651 #4 - SUBJECT ADDED ENTRY--GEOGRAPHIC NAME | |
| Geographic name | Cartagena (Colombia) |
| General subdivision | historia |
| 9 (RLIN) | 11491 |
| 651 #4 - SUBJECT ADDED ENTRY--GEOGRAPHIC NAME | |
| Geographic name | Cartagena (Colombia) |
| General subdivision | historia |
| Chronological subdivision | 1815 |
| 9 (RLIN) | 11492 |
| 942 ## - ADDED ENTRY ELEMENTS (KOHA) | |
| Source of classification or shelving scheme | Dewey Decimal Classification |
| Koha item type | Books |
| Withdrawn status | Lost status | Source of classification or shelving scheme | Damaged status | Not for loan | Collection code | Home library | Current library | Date acquired | Source of acquisition | Total Checkouts | Full call number | Barcode | Date last seen | Date last checked out | Copy number | Koha item type |
|---|---|---|---|---|---|---|---|---|---|---|---|---|---|---|---|---|
| Dewey Decimal Classification | Non-fiction | Biblioteca Pública José María del Castillo y Rada | Biblioteca Pública José María del Castillo y Rada | 02/11/2018 | Donación | 2 | 986.102 / L547c | 201811466 | 04/03/2025 | 04/02/2025 | Ej.1 | Books |